[Event "8MCR_4D_1L_1S"]
[Site "?"]
[Date "2008.??.??"]
[Round "?"]
[White "Kuta, Jiri"]
[Black "Brichacek, Milan"]
[Result "1-0"]
[WhiteElo "2360"]
[BlackElo "2215"]
[PlyCount "71"]
[EventDate "2008.??.??"]
[EventType "corr"]

1. d4 Nf6 2. c4 e6 3. Nf3 c5 4. d5 d6 5. Nc3 exd5 6. cxd5 Be7 7. e4 O-O 8. Bd3
Bg4 9. O-O Nbd7 10. Be2 a6 11. a4 Re8 12. a5 Qc7 13. Be3 Bd8 14. h3 Bh5 15. Qa4
b5 16. axb6 Nxb6 17. Qc6 Qxc6 18. dxc6 Nxe4 19. Rxa6 Rxa6 20. Bxa6 Nxc3 21.
bxc3 Nd5 22. Rb1 Nxe3 23. fxe3 Kf8 24. Kf2 Ba5 25. Nh4 Bd8 26. g3 g5 27. Nf5
Bg6 28. e4 Bxf5 29. exf5 f6 30. Rb7 Re7 31. Rb8 Ke8 32. Bb5 Rc7 33. c4 g4 34.
hxg4 Ke7 35. Ra8 Ke8 36. Kf3 1-0

[Event "8MCR_4D_1L_1S"]
[Site "?"]
[Date "2008.??.??"]
[Round "?"]
[White "Kuta, Jiri"]
[Black "Hybl, Vladislav"]
[Result "1/2-1/2"]
[WhiteElo "2360"]
[BlackElo "2315"]
[PlyCount "59"]
[EventDate "2008.??.??"]
[EventType "corr"]

1. d4 Nf6 2. c4 e6 3. Nf3 d5 4. Nc3 c6 5. e3 Nbd7 6. Qc2 Bd6 7. g4 dxc4 8. Bxc4
e5 9. Bd2 exd4 10. Nxd4 Nb6 11. Be2 O-O 12. h3 Nbd5 13. O-O-O Nb4 14. Qb1 Re8
15. e4 Qc7 16. a3 a5 17. Bf3 Na6 18. Qc2 h6 19. Be3 Bf4 20. Bxf4 Qxf4+ 21. Kb1
Nc5 22. Bg2 Ncxe4 23. Nxe4 Nxe4 24. Rhe1 Nf6 25. Rxe8+ Nxe8 26. Nxc6 bxc6 27.
Qxc6 Nc7 28. Rd8+ Kh7 29. Be4+ g6 30. Rd6 1/2-1/2

[Event "8MCR_4D_1L_1S"]
[Site "?"]
[Date "2008.??.??"]
[Round "?"]
[White "Kuta, Jiri"]
[Black "Jandovsky, Viktor"]
[Result "1-0"]
[WhiteElo "2360"]
[BlackElo "2280"]
[PlyCount "91"]
[EventDate "2008.??.??"]
[EventType "corr"]

1. d4 Nf6 2. c4 g6 3. Nc3 Bg7 4. e4 d6 5. Nf3 O-O 6. Be2 e5 7. O-O Nc6 8. d5
Ne7 9. b4 Nh5 10. Re1 f5 11. Ng5 Nf6 12. Bf3 c6 13. Bb2 h6 14. Ne6 Bxe6 15.
dxe6 fxe4 16. Nxe4 Nxe4 17. Rxe4 d5 18. cxd5 cxd5 19. Rxe5 Bxe5 20. Bxe5 Qb6
21. Bb2 Rad8 22. Qe1 d4 23. Bd1 Kh7 24. Bb3 Rf5 25. Rd1 Nc6 26. a3 Qc7 27. Qd2
a5 28. Bc1 Qg7 29. Re1 axb4 30. axb4 b5 31. Re4 Rdf8 32. f4 Qe7 33. Bb2 Qd6 34.
g3 Rd8 35. Kg2 Rf6 36. h3 Re8 37. Bxd4 Rd8 38. Qd3 Rf5 39. e7 Nxe7 40. Qe2 Nd5
41. Bc5 Qd7 42. Kh2 Rf7 43. Qe1 Qf5 44. Bd4 Rc8 45. Qe2 Qd7 46. Bb2 1-0

[Event "8MCR_4D_1L_1S"]
[Site "?"]
[Date "2008.??.??"]
[Round "?"]
[White "Kuta, Jiri"]
[Black "Kratochvil, Jan"]
[Result "1-0"]
[WhiteElo "2360"]
[BlackElo "1915"]
[PlyCount "119"]
[EventDate "2008.??.??"]
[EventType "corr"]

1. d4 Nf6 2. c4 e6 3. Nf3 b6 4. a3 Ba6 5. Qc2 Bb7 6. Nc3 c5 7. e4 cxd4 8. Nxd4
Bc5 9. Nb3 Nc6 10. Bg5 Nd4 11. Nxd4 Bxd4 12. Bd3 Qb8 13. O-O-O Qe5 14. Qd2 Bxc3
15. bxc3 Qd6 16. f3 Qxa3+ 17. Kc2 h6 18. Bf4 O-O 19. Ra1 Qe7 20. e5 Ne8 21. Ra2
Bc6 22. Rha1 a5 23. Qf2 f6 24. Qxb6 a4 25. Re1 f5 26. Bc1 Qh4 27. Rh1 f4 28.
Qd4 Nc7 29. Kb1 Rab8+ 30. Ka1 Rb7 31. Bc2 Rbb8 32. Ba3 Rfd8 33. Qd3 Qh5 34. Bd6
Rbc8 35. Qg6 Qxg6 36. Bxg6 Rf8 37. Rg1 Rf5 38. Bxf5 exf5 39. Bxc7 Rxc7 40. Rd2
Rc8 41. Rd6 Kf7 42. h4 Re8 43. Re1 Re6 44. Rxe6 Kxe6 45. h5 Ba8 46. Kb2 Bb7 47.
Ka3 Ba6 48. Kb4 a3 49. Kc5 Bc8 50. Kd4 d6 51. exd6+ Kxd6 52. Ra1 Bd7 53. c5+
Kc6 54. Rxa3 Be8 55. Ra6+ Kb7 56. Rg6 Bxg6 57. hxg6 Kc6 58. Ke5 Kxc5 59. Ke6 h5
60. Kf7 1-0

[Event "8MCR_4D_1L_1S"]
[Site "?"]
[Date "2008.??.??"]
[Round "?"]
[White "Mateka, Petr"]
[Black "Antosik, Alois"]
[Result "1-0"]
[WhiteElo "2330"]
[BlackElo "2200"]
[PlyCount "65"]
[EventDate "2008.??.??"]
[EventType "corr"]

1. e4 c5 2. Nf3 g6 3. d4 Bg7 4. dxc5 Qa5+ 5. c3 Qxc5 6. Na3 d6 7. Be3 Qa5 8. e5
dxe5 9. Nb5 Bd7 10. Qd5 Nc6 11. Ng5 Nh6 12. Bc4 e6 13. Qd2 Nf5 14. Nxf7 Ncd4
15. Nbd6+ Nxd6 16. Nxd6+ Ke7 17. Nxb7 Qc7 18. cxd4 Qxb7 19. O-O Bc6 20. Bg5+
Kf7 21. f4 Rhe8 22. fxe5+ Kg8 23. Bf6 Bf8 24. h4 Rab8 25. b3 Bb4 26. Qg5 Bb5
27. h5 Qe4 28. hxg6 Qxg6 29. Qh4 Bxc4 30. bxc4 Bc3 31. Rf3 Rb1+ 32. Rxb1 Qxb1+
33. Kh2 1-0

[Event "8MCR_4D_1L_1S"]
[Site "?"]
[Date "2008.??.??"]
[Round "?"]
[White "Mateka, Petr"]
[Black "Bednarik, Radovan"]
[Result "1/2-1/2"]
[WhiteElo "2330"]
[BlackElo "2112"]
[PlyCount "103"]
[EventDate "2008.??.??"]
[EventType "corr"]

1. e4 c5 2. Nf3 e6 3. c3 d5 4. exd5 Qxd5 5. d4 Nf6 6. Na3 a6 7. Bc4 Qc6 8. O-O
cxd4 9. cxd4 Bxa3 10. Ne5 Qd6 11. bxa3 Nc6 12. Nxc6 Qxc6 13. Be2 Qd6 14. Bf3
O-O 15. Qe2 Nd5 16. Qe5 Qxe5 17. dxe5 Bd7 18. Rb1 Bc6 19. Bd2 Rfd8 20. Rb2 Rac8
21. Rc1 f6 22. exf6 gxf6 23. Bg4 f5 24. Bd1 e5 25. Bc2 e4 26. Bb3 Kg7 27. g3
Rd7 28. Ba5 Kf6 29. Rd2 Re8 30. Rc5 Re5 31. Bc3 Nxc3 32. Rxc6+ bxc6 33. Rxd7
Rc5 34. Rxh7 a5 35. Rf7+ Kg6 36. Rd7 a4 37. Bf7+ Kf6 38. h4 Ne2+ 39. Kf1 Nc1
40. Bh5 Nd3 41. Bd1 Rc1 42. Ke2 Ra1 43. Rd6+ Ke5 44. Rxc6 Rxa2+ 45. Bc2 Kd5 46.
Rc3 Kd4 47. Rc8 Nc5 48. Kd2 Rxa3 49. Rd8+ Ke5 50. Re8+ Kf6 51. Rf8+ Ke5 52.
Re8+ 1/2-1/2

[Event "8MCR_4D_1L_1S"]
[Site "?"]
[Date "2008.??.??"]
[Round "?"]
[White "Mateka, Petr"]
[Black "Brichacek, Milan"]
[Result "1-0"]
[WhiteElo "2330"]
[BlackElo "2215"]
[PlyCount "85"]
[EventDate "2008.??.??"]
[EventType "corr"]

1. e4 c5 2. Nf3 d6 3. Bb5+ Bd7 4. Bxd7+ Qxd7 5. O-O Nf6 6. e5 dxe5 7. Nxe5 Qc8
8. Qf3 e6 9. Nc3 Be7 10. d3 O-O 11. Bg5 Nbd7 12. Nc4 Nd5 13. h4 Bxg5 14. hxg5
Nxc3 15. bxc3 b5 16. Nd2 c4 17. d4 Nb6 18. Rfe1 Qd7 19. Qh3 Rfd8 20. Nf3 Nd5
21. Ne5 Qe7 22. a4 Qxg5 23. axb5 Qd2 24. Qf3 Rf8 25. Nxc4 Qxc3 26. Qxc3 Nxc3
27. Nd6 Rfb8 28. Re5 Rd8 29. Rc5 Ne2+ 30. Kf1 Nxd4 31. Ra6 g6 32. g4 f5 33. c3
Nf3 34. Rc7 fxg4 35. c4 h5 36. c5 h4 37. Raxa7 Rxa7 38. Rxa7 h3 39. b6 Nh2+ 40.
Kg1 Nf3+ 41. Kh1 g3 42. fxg3 Ne5 43. b7 1-0

[Event "8MCR_4D_1L_1S"]
[Site "?"]
[Date "2008.??.??"]
[Round "?"]
[White "Mateka, Petr"]
[Black "Jirku, Jaroslav"]
[Result "1/2-1/2"]
[WhiteElo "2330"]
[BlackElo "2271"]
[PlyCount "109"]
[EventDate "2008.??.??"]
[EventType "corr"]

1. e4 e5 2. Nf3 Nc6 3. Bb5 a6 4. Ba4 Nf6 5. O-O Be7 6. Re1 b5 7. Bb3 O-O 8. c3
d6 9. h3 Nb8 10. d3 Nbd7 11. Nbd2 a5 12. Nf1 a4 13. Bc2 Re8 14. Ng3 g6 15. Bh6
Bf8 16. Qd2 Bg7 17. d4 Bxh6 18. Qxh6 Qe7 19. Qg5 Kh8 20. b4 c6 21. a3 Ba6 22.
Rad1 Nb6 23. Bb1 Nfd7 24. Ba2 f6 25. Qh6 c5 26. dxc5 dxc5 27. h4 c4 28. h5 Qg7
29. Qe3 Bb7 30. Rd2 Nc8 31. Red1 Bc6 32. Bb1 Nf8 33. Nh2 Ra7 34. Ng4 Rd7 35.
Bc2 Re6 36. hxg6 hxg6 37. f4 Rxd2 38. Rxd2 Bd7 39. fxe5 fxe5 40. Nf1 Rd6 41.
Bd1 Rxd2 42. Nxd2 Nd6 43. Qc5 Nf7 44. Qd5 Kg8 45. Nf1 Qh8 46. g3 Bxg4 47. Bxg4
Qh6 48. Qxb5 Qc1 49. Qxc4 Qxa3 50. b5 Qb2 51. Qxa4 Qxc3 52. Qa7 Qb4 53. b6 Qd4+
54. Kg2 Qxe4+ 55. Bf3 1/2-1/2

[Event "8MCR_4D_1L_1S"]
[Site "?"]
[Date "2008.??.??"]
[Round "?"]
[White "Mateka, Petr"]
[Black "Kratochvil, Jan"]
[Result "1/2-1/2"]
[WhiteElo "2330"]
[BlackElo "1915"]
[PlyCount "93"]
[EventDate "2008.??.??"]
[EventType "corr"]

1. e4 d6 2. d4 Nf6 3. Nc3 e5 4. dxe5 dxe5 5. Qxd8+ Kxd8 6. Nf3 Bd6 7. Bc4 Ke7
8. Be3 Be6 9. Bxe6 Kxe6 10. O-O-O h6 11. Nh4 g6 12. f3 Nc6 13. Kb1 Rad8 14. Nd5
Ne7 15. c4 Nfxd5 16. exd5+ Kd7 17. f4 exf4 18. Bd4 Rhe8 19. c5 g5 20. cxd6 Kxd6
21. Nf3 Nxd5 22. Rd2 a5 23. Bg7 c6 24. Bxh6 f6 25. h4 g4 26. Nd4 Re4 27. h5 Ke5
28. Nb3 b6 29. Bg7 a4 30. Nc1 Kf5 31. Ne2 Rde8 32. Nd4+ Kg5 33. Nc2 R4e5 34.
Kc1 b5 35. a3 c5 36. h6 Kg6 37. Rd3 Rf5 38. Rhd1 Nb6 39. b3 axb3 40. Rxb3 c4
41. Rb1 f3 42. gxf3 gxf3 43. Nd4 Rf4 44. Nxf3 Rxf3 45. Rxb5 Na4 46. Rg1+ Kh7
47. Rb7 1/2-1/2

[Event "8MCR_4D_1L_1S"]
[Site "?"]
[Date "2008.??.??"]
[Round "?"]
[White "Mateka, Petr"]
[Black "Kuta, Jiri"]
[Result "1/2-1/2"]
[WhiteElo "2330"]
[BlackElo "2360"]
[PlyCount "113"]
[EventDate "2008.??.??"]
[EventType "corr"]

1. e4 c5 2. Nf3 Nc6 3. Bb5 g6 4. O-O Bg7 5. c3 Nf6 6. Re1 O-O 7. d4 d5 8. e5
Ne4 9. Bxc6 bxc6 10. Nbd2 cxd4 11. cxd4 c5 12. dxc5 Nxc5 13. Nb3 Nxb3 14. Qxb3
Bg4 15. Nd4 Rb8 16. Qg3 Bd7 17. b3 Qa5 18. Bg5 Qb4 19. Qe3 Rfe8 20. Rad1 e6 21.
Bh6 Bh8 22. Qf4 Rec8 23. h4 Rc3 24. h5 a5 25. g3 Re8 26. Kg2 Qb8 27. Qh4 Bc8
28. Bd2 Rd3 29. Rh1 Qb7 30. Qf4 a4 31. Rc1 Rxd2 32. Qxd2 Bxe5 33. Nf3 Bg7 34.
h6 Bf8 35. Qf4 e5 36. Nxe5 d4+ 37. Nf3 axb3 38. axb3 d3 39. Rhe1 Rxe1 40. Rxe1
Be6 41. b4 Qxb4 42. Re4 Qb5 43. Rd4 Bd5 44. g4 Qc6 45. g5 Qb5 46. Qf6 Bxf3+ 47.
Kxf3 Qb7+ 48. Ke3 Qb1 49. Rxd3 Qe1+ 50. Kf3 Qh1+ 51. Ke2 Qe4+ 52. Re3 Qg4+ 53.
Kf1 Qc4+ 54. Kg1 Qg4+ 55. Rg3 Qe4 56. Qf3 Qe5 57. Rg4 1/2-1/2

[Event "8MCR_4D_1L_1S"]
[Site "?"]
[Date "2008.??.??"]
[Round "?"]
[White "Mateka, Petr"]
[Black "Nedoma, Petr"]
[Result "1/2-1/2"]
[WhiteElo "2330"]
[BlackElo "2323"]
[PlyCount "83"]
[EventDate "2008.??.??"]
[EventType "corr"]

1. e4 e5 2. Nf3 d6 3. d4 exd4 4. Nxd4 a6 5. Nc3 Be7 6. Be2 Nf6 7. O-O O-O 8. f4
Re8 9. Bf3 Bf8 10. Be3 Nbd7 11. Nde2 c6 12. Ng3 b5 13. a3 a5 14. Re1 Bb7 15.
Bf2 Qc7 16. Qd2 b4 17. Nd1 c5 18. axb4 axb4 19. Rxa8 Bxa8 20. c3 h5 21. Qc2 b3
22. Qxb3 h4 23. Nf5 Bxe4 24. Bxe4 Rxe4 25. Rxe4 Nxe4 26. Bxh4 c4 27. Qb5 Ndf6
28. Bxf6 Nxf6 29. Kf2 d5 30. Kf3 g6 31. Nd4 Bc5 32. Nf2 Kg7 33. g3 Bxd4 34.
cxd4 Qa7 35. Qc5 Qa2 36. Qb4 Qb1 37. Qc3 Qg1 38. Qe3 Ne4 39. Nxe4 dxe4+ 40.
Qxe4 Qf1+ 41. Ke3 Qe1+ 42. Kf3 1/2-1/2

[Event "8MCR_4D_1L_1S"]
[Site "?"]
[Date "2008.??.??"]
[Round "?"]
[White "Nedoma, Petr"]
[Black "Antosik, Alois"]
[Result "1-0"]
[WhiteElo "2323"]
[BlackElo "2200"]
[PlyCount "97"]
[EventDate "2008.??.??"]
[EventType "corr"]

1. e4 c5 2. Nf3 g6 3. d4 Bg7 4. dxc5 Qa5+ 5. c3 Qxc5 6. Be3 Qc7 7. Na3 Nc6 8.
h3 Nf6 9. Nb5 Qb8 10. e5 Nxe5 11. Nxe5 Qxe5 12. Qd4 Nh5 13. Qxe5 Bxe5 14. Nxa7
O-O 15. Rd1 d6 16. Nxc8 Rfxc8 17. a3 e6 18. Rg1 d5 19. g4 Nf6 20. g5 Ne4 21.
Rg4 Nd6 22. Rb4 b5 23. Rb3 Ra5 24. h4 Nc4 25. Be2 Kf8 26. Rd3 Ke7 27. Bd4 Bd6
28. h5 Rb8 29. Rh3 e5 30. Be3 Raa8 31. hxg6 hxg6 32. Rh4 Kf8 33. Rxb5 Rxb5 34.
Rh8+ Ke7 35. Rxa8 Rxb2 36. Bxc4 dxc4 37. a4 Ba3 38. a5 Rb1+ 39. Ke2 Bc1 40.
Bc5+ Kd7 41. a6 Ra1 42. a7 Kc6 43. Rc8+ Kb7 44. Rb8+ Kc6 45. Bb6 Ra2+ 46. Kd1
Bxg5 47. f3 Ra1+ 48. Kc2 Bf4 49. Bf2 1-0

[Event "8MCR_4D_1L_1S"]
[Site "?"]
[Date "2008.??.??"]
[Round "?"]
[White "Nedoma, Petr"]
[Black "Bednarik, Radovan"]
[Result "1-0"]
[WhiteElo "2323"]
[BlackElo "2112"]
[PlyCount "41"]
[EventDate "2008.??.??"]
[EventType "corr"]

1. e4 c5 2. Nf3 e6 3. d4 cxd4 4. Nxd4 a6 5. Nc3 Qc7 6. Bd3 Nf6 7. O-O Bc5 8.
Nb3 Be7 9. Be3 d6 10. f4 Nbd7 11. a4 b6 12. Qf3 Bb7 13. Qh3 h6 14. Rad1 O-O 15.
g4 Ne8 16. Nd4 Nc5 17. g5 hxg5 18. fxg5 g6 19. Qh6 Ng7 20. Rf3 Nh5 21. Rh3 1-0

[Event "8MCR_4D_1L_1S"]
[Site "?"]
[Date "2008.??.??"]
[Round "?"]
[White "Nedoma, Petr"]
[Black "Brichacek, Milan"]
[Result "1-0"]
[WhiteElo "2323"]
[BlackElo "2215"]
[PlyCount "163"]
[EventDate "2008.??.??"]
[EventType "corr"]

1. e4 c5 2. Nf3 d6 3. d4 cxd4 4. Nxd4 Nf6 5. Nc3 a6 6. Be3 Ng4 7. Bc1 Nf6 8. f3
e5 9. Nb3 Be6 10. Nd5 Be7 11. Be2 Nxd5 12. exd5 Bf5 13. O-O O-O 14. f4 Be4 15.
c4 Qb6+ 16. Kh1 Nd7 17. f5 Bh4 18. a4 Nf6 19. a5 Qa7 20. Ra3 Rac8 21. Nd2 Qd4
22. Rh3 Bg5 23. Nxe4 Nxe4 24. Qxd4 exd4 25. Bxg5 Nxg5 26. Rh4 Rfe8 27. Bd3 f6
28. Rxd4 Nf7 29. Rc1 Re3 30. b4 Ne5 31. Bf1 Ra3 32. Kg1 Kf8 33. Rh4 Ra4 34. Rb1
Kg8 35. Rd4 Ra2 36. Rdd1 Rd8 37. Rdc1 Rd2 38. b5 Nd7 39. Re1 Ra2 40. Ra1 Rc2
41. Re2 Rc3 42. Re6 Nc5 43. Re7 Kf8 44. Rae1 Rc1 45. Rxc1 Kxe7 46. Rc3 Re8 47.
Rh3 h6 48. Kf2 Kf8 49. Rf3 Re4 50. b6 Kf7 51. Be2 Kf8 52. g3 Re5 53. g4 Ne4+
54. Ke1 Ng5 55. Rc3 Kf7 56. h4 Ne4 57. Re3 h5 58. gxh5 Nc5 59. Rf3 Re4 60. Rh3
Re5 61. Kd1 Rxf5 62. Kd2 Rf2 63. Ke3 Rf5 64. Bg4 Rf1 65. Rg3 Kf8 66. Be6 Re1+
67. Kf3 Nxe6 68. dxe6 Rxe6 69. h6 gxh6 70. Rg6 h5 71. Rh6 Kg7 72. Rxh5 Kg6 73.
Rd5 f5 74. c5 dxc5 75. Rd7 Re4 76. Rxb7 Rxh4 77. Ra7 Rb4 78. Rxa6 Kg5 79. Ra7
Rb3+ 80. Ke2 f4 81. Rf7 Rb2+ 82. Kd3 1-0

[Event "8MCR_4D_1L_1S"]
[Site "?"]
[Date "2008.??.??"]
[Round "?"]
[White "Nedoma, Petr"]
[Black "Hybl, Vladislav"]
[Result "1/2-1/2"]
[WhiteElo "2323"]
[BlackElo "2315"]
[PlyCount "52"]
[EventDate "2008.??.??"]
[EventType "corr"]

1. e4 e6 2. d4 d5 3. Nd2 c5 4. Ngf3 cxd4 5. exd5 Qxd5 6. Bc4 Qd6 7. O-O Nf6 8.
Nb3 Nc6 9. Nbxd4 Nxd4 10. Qxd4 Qxd4 11. Nxd4 Bd7 12. Bf4 Rc8 13. Bd3 Nd5 14.
Bg3 Bc5 15. Nb3 Be7 16. c3 O-O 17. Rfe1 Rfd8 18. Be4 Ba4 19. Rad1 Bf6 20. h3 b6
21. Bxd5 Rxd5 22. Rxd5 exd5 23. Nd4 Re8 24. Kf1 Bxd4 25. Rxe8+ Bxe8 26. cxd4 f6
1/2-1/2

[Event "8MCR_4D_1L_1S"]
[Site "?"]
[Date "2008.??.??"]
[Round "?"]
[White "Nedoma, Petr"]
[Black "Jirku, Jaroslav"]
[Result "1/2-1/2"]
[WhiteElo "2323"]
[BlackElo "2271"]
[PlyCount "99"]
[EventDate "2008.??.??"]
[EventType "corr"]

1. e4 e5 2. Nf3 Nc6 3. Bb5 a6 4. Ba4 Nf6 5. O-O Be7 6. Re1 b5 7. Bb3 O-O 8. c3
d6 9. h3 Nb8 10. d4 Nbd7 11. Nbd2 Bb7 12. Bc2 Re8 13. Nf1 Bf8 14. Ng3 g6 15. a4
c5 16. d5 c4 17. Bg5 h6 18. Be3 Nc5 19. Qd2 h5 20. Bg5 Be7 21. Bh6 Bf8 22. Bxf8
Rxf8 23. Qh6 Nh7 24. Ra3 Qf6 25. Qe3 Qg7 26. Rea1 Rfb8 27. h4 Nf6 28. Nf1 Nfd7
29. N1d2 f6 30. axb5 axb5 31. b4 cxb3 32. Nxb3 Nxb3 33. Rxa8 Rxa8 34. Rxa8+
Bxa8 35. Bxb3 Nc5 36. Bd1 Qb7 37. Nd2 Kg7 38. Nb3 Nxb3 39. Bxb3 Qa6 40. Qc1 Bb7
41. c4 bxc4 42. Bxc4 Qb6 43. Bf1 Qc5 44. Qxc5 dxc5 45. f3 Kf7 46. Bb5 Bc8 47.
Kf2 g5 48. g3 gxh4 49. gxh4 f5 50. Ke2 1/2-1/2

[Event "8MCR_4D_1L_1S"]
[Site "?"]
[Date "2008.??.??"]
[Round "?"]
[White "Nedoma, Petr"]
[Black "Kratochvil, Jan"]
[Result "1-0"]
[WhiteElo "2323"]
[BlackElo "1915"]
[PlyCount "109"]
[EventDate "2008.??.??"]
[EventType "corr"]

1. e4 e5 2. Nf3 Nf6 3. Nxe5 d6 4. Nf3 Nxe4 5. d4 d5 6. Bd3 Be7 7. O-O Nc6 8.
Nbd2 Nd6 9. c3 Bf5 10. Nb3 O-O 11. Re1 Re8 12. Bf4 Bxd3 13. Qxd3 a5 14. a4 Ne4
15. Re2 Qd7 16. Qb5 g5 17. c4 gxf4 18. cxd5 Bf8 19. Rae1 f5 20. dxc6 bxc6 21.
Qc4+ Qd5 22. Qxd5+ cxd5 23. Nc1 Bb4 24. Rd1 Bd6 25. Rc2 Kg7 26. Nd3 h6 27. h4
Ra6 28. Rdc1 Nf6 29. Rc6 Rxc6 30. Rxc6 Rb8 31. Kf1 Ng4 32. Ke2 Ra8 33. Nfe5 Re8
34. Kf3 Bxe5 35. Nxe5 Nxe5+ 36. dxe5 Rxe5 37. Rxc7+ Kf6 38. Rc6+ Kf7 39. Rc5
Ke6 40. Rxa5 Re1 41. Ra8 Ke7 42. Rb8 Ra1 43. b3 Kd6 44. Kxf4 Ra2 45. f3 Rxg2
46. Kxf5 Ra2 47. f4 h5 48. Rd8+ Kc6 49. a5 Rxa5 50. Ke6 d4 51. Rxd4 Ra1 52. Kf6
Kc5 53. Ke5 Kc6 54. f5 Re1+ 55. Re4 1-0

[Event "8MCR_4D_1L_1S"]
[Site "?"]
[Date "2008.??.??"]
[Round "?"]
[White "Nedoma, Petr"]
[Black "Kuta, Jiri"]
[Result "0-1"]
[WhiteElo "2323"]
[BlackElo "2360"]
[PlyCount "108"]
[EventDate "2008.??.??"]
[EventType "corr"]

1. e4 e5 2. Nf3 Nc6 3. Bb5 a6 4. Ba4 Nf6 5. O-O Be7 6. Re1 b5 7. Bb3 O-O 8. c3
d5 9. exd5 Nxd5 10. Nxe5 Nxe5 11. Rxe5 c6 12. d4 Bd6 13. Re1 Qh4 14. g3 Qh3 15.
Re4 g5 16. Qe2 Bf5 17. Nd2 Nf6 18. f3 c5 19. Re3 c4 20. Bd1 Nd5 21. Ne4 Nxe3
22. Qxe3 Bxe4 23. fxe4 f6 24. Bf3 Rae8 25. Qe2 Qe6 26. Bg2 b4 27. Bd2 Rb8 28.
Rf1 Kg7 29. Qe1 a5 30. Qe3 a4 31. Kh1 h6 32. Kg1 a3 33. bxa3 bxa3 34. Bc1 Rb1
35. Qf2 Ra1 36. Bf3 h5 37. Bg2 Be7 38. Be3 Rxf1+ 39. Qxf1 Rb8 40. d5 Qf7 41.
Qxc4 Rb2 42. Bf1 Bd6 43. Bd3 Qc7 44. Qxc7+ Bxc7 45. Bc4 Rc2 46. Bd4 Be5 47.
Bxe5 fxe5 48. d6 Kf6 49. Bg8 Rxc3 50. Bd5 g4 51. Kf1 Rc8 52. Kg2 Rd8 53. h3
Rxd6 54. hxg4 hxg4 0-1

[Event "8MCR_4D_1L_1S"]
[Site "?"]
[Date "2008.??.??"]
[Round "?"]
[White "Nyvlt, Zdenek"]
[Black "Cvak, Rudolf"]
[Result "1/2-1/2"]
[WhiteElo "2312"]
[BlackElo "2264"]
[PlyCount "113"]
[EventDate "2008.??.??"]
[EventType "corr"]

1. Nf3 Nf6 2. c4 g6 3. Nc3 c5 4. d4 cxd4 5. Nxd4 Bg7 6. e4 O-O 7. Be2 d6 8. O-O
Nc6 9. Be3 Bd7 10. Qd2 Nxd4 11. Bxd4 Bc6 12. f3 Nd7 13. Be3 a5 14. b3 Nc5 15.
Rac1 Re8 16. Rfd1 Rc8 17. Rc2 Rf8 18. Nd5 Re8 19. Bf2 Be5 20. Qh6 b6 21. Rcd2
Bb7 22. Qh4 Bxd5 23. cxd5 Qd7 24. Be3 Rc7 25. Rc2 Rf8 26. Rdc1 f5 27. exf5 Qxf5
28. g3 b5 29. Kg2 b4 30. Qg4 Qxg4 31. fxg4 Kg7 32. g5 Ra8 33. Bg4 a4 34. Rf1 e6
35. Bf3 axb3 36. axb3 Re8 37. dxe6 Nxe6 38. Rxc7+ Nxc7 39. h4 Nb5 40. Bc6 Rb8
41. g4 Nc7 42. Rc1 Ne6 43. Rc4 Kf8 44. Bd5 Ke7 45. h5 Rb5 46. Bc6 Rb8 47. Be4
Rb5 48. Bc6 Rb8 49. Bd5 Rb5 50. Bxe6 Kxe6 51. Rc7 Ra5 52. Rxh7 gxh5 53. gxh5
Ra3 54. Rb7 Rxb3 55. Kf2 Kf5 56. g6 Ke4 57. g7 1/2-1/2

[Event "8MCR_4D_1L_1S"]
[Site "?"]
[Date "2008.??.??"]
[Round "?"]
[White "Nyvlt, Zdenek"]
[Black "Jirku, Jaroslav"]
[Result "1/2-1/2"]
[WhiteElo "2312"]
[BlackElo "2271"]
[PlyCount "114"]
[EventDate "2008.??.??"]
[EventType "corr"]

1. e4 e5 2. Nf3 Nc6 3. Bb5 a6 4. Ba4 Nf6 5. O-O Be7 6. Re1 b5 7. Bb3 O-O 8. c3
d5 9. exd5 Nxd5 10. Nxe5 Nxe5 11. Rxe5 c6 12. Re1 Bd6 13. d3 Bf5 14. Qf3 Re8
15. Rxe8+ Qxe8 16. Nd2 Qe1+ 17. Nf1 Bg6 18. g3 Re8 19. Bd1 Qe6 20. Bd2 Qd7 21.
Bc2 Nf6 22. a4 Bf8 23. axb5 axb5 24. h3 c5 25. Bg5 Nd5 26. g4 h6 27. Bh4 Nb6
28. Qd1 Bd6 29. Bg3 Bxg3 30. Nxg3 Qc6 31. Rc1 Rd8 32. Qe2 b4 33. Bb3 Rxd3 34.
Bc2 Rd8 35. Bxg6 Qxg6 36. cxb4 cxb4 37. Nf5 Qe6 38. Ne7+ Kf8 39. Qxe6 fxe6 40.
Rc7 Rd7 41. Ng6+ Kg8 42. Rc6 Rd1+ 43. Kg2 Nd5 44. Rxe6 Rd2 45. b3 Rd3 46. f4
Rxb3 47. Rd6 Kh7 48. f5 Rd3 49. Kf2 Nf4 50. Rb6 Nxh3+ 51. Kg2 h5 52. Rb8 Kh6
53. Ne5 Nf4+ 54. Kf2 Kg5 55. Nxd3 Nxd3+ 56. Ke3 Ne5 57. gxh5 Ng4+ 1/2-1/2

[Event "8MCR_4D_1L_1S"]
[Site "?"]
[Date "2008.??.??"]
[Round "?"]
[White "Nyvlt, Zdenek"]
[Black "Kubecek, Jan"]
[Result "1-0"]
[WhiteElo "2312"]
[BlackElo "1985"]
[PlyCount "81"]
[EventDate "2008.??.??"]
[EventType "corr"]

1. d4 Nf6 2. c4 e6 3. Nf3 b6 4. g3 Bb7 5. Bg2 Be7 6. Nc3 O-O 7. Qc2 Na6 8. O-O
c5 9. e4 d5 10. exd5 exd5 11. Rd1 Nb4 12. Qe2 dxc4 13. dxc5 Nd3 14. Ne5 Bxg2
15. Kxg2 Bxc5 16. Nxc4 Nxc1 17. Raxc1 Qc7 18. Nd2 Rad8 19. Nde4 Nxe4 20. Qxe4
Rfe8 21. Rxd8 Qxd8 22. Rd1 Qc8 23. Qd3 h6 24. a3 a5 25. h3 Qc6+ 26. Qf3 Qc8 27.
Nd5 a4 28. Nc3 Re6 29. Rd2 Qe8 30. Qb7 Rf6 31. h4 g6 32. Rc2 Re6 33. Qf3 Re5
34. Rd2 h5 35. Nd5 Qe6 36. Nf4 Qc4 37. Qd3 Qe4+ 38. Qxe4 Rxe4 39. Rc2 Rd4 40.
Kf3 Kg7 41. Ne2 {PCL} 1-0

[Event "8MCR_4D_1L_1S"]
[Site "?"]
[Date "2008.??.??"]
[Round "?"]
[White "Nyvlt, Zdenek"]
[Black "Kuchta, Jiri"]
[Result "1-0"]
[WhiteElo "2312"]
[BlackElo "2185"]
[PlyCount "85"]
[EventDate "2008.??.??"]
[EventType "corr"]

1. c4 Nf6 2. Nf3 e6 3. g3 Be7 4. Bg2 d5 5. O-O O-O 6. d4 dxc4 7. Qc2 a6 8. Qxc4
b5 9. Qc2 Bb7 10. Bd2 Be4 11. Qc1 Nc6 12. Be3 b4 13. Nbd2 Bd5 14. Rd1 a5 15.
Bg5 Nxd4 16. Nxd4 Bxg2 17. Nxe6 fxe6 18. Kxg2 Nd5 19. Nf3 Qe8 20. Bxe7 Qxe7 21.
Rd3 Rad8 22. Qd2 Rc8 23. Ne5 c5 24. Rc1 Qf6 25. f4 Qf5 26. Kg1 a4 27. Qe1 Nf6
28. Rc4 Qh5 29. e3 Qe8 30. Qd1 Qb5 31. Rd6 Qe8 32. Qe2 Qe7 33. Ra6 Ra8 34. Rc6
Ra5 35. Rc2 a3 36. b3 Ne4 37. Qd3 Nc3 38. Qc4 Nd5 39. Re2 Re8 40. e4 Nf6 41.
Rd2 Kh8 42. f5 Ra7 43. fxe6 1-0

[Event "8MCR_4D_1L_1S"]
[Site "?"]
[Date "2008.??.??"]
[Round "?"]
[White "Nyvlt, Zdenek"]
[Black "Kuta, Jiri"]
[Result "1-0"]
[WhiteElo "2312"]
[BlackElo "2360"]
[PlyCount "54"]
[EventDate "2008.??.??"]
[EventType "corr"]

1. d4 Nf6 2. c4 e6 3. g3 d5 4. Nf3 dxc4 5. Bg2 a6 6. O-O Nc6 7. Nc3 Rb8 8. e4
Be7 9. Qe2 Nxd4 10. Nxd4 Qxd4 11. Rd1 Qc5 12. e5 Nd7 13. Ne4 Qxe5 14. Bf4 Qa5
15. Qxc4 e5 16. Bg5 b5 17. Qd3 f6 18. Be3 Nb6 19. Bc5 b4 20. Rac1 Na4 21. Bxe7
Kxe7 22. Qc2 c5 23. f4 Be6 24. fxe5 c4 25. exf6+ gxf6 26. Kh1 Rbd8 27. Qf2 Rhf8
1-0

[Event "8MCR_4D_1L_1S"]
[Site "?"]
[Date "2008.??.??"]
[Round "?"]
[White "Nyvlt, Zdenek"]
[Black "Mateka, Petr"]
[Result "1-0"]
[WhiteElo "2312"]
[BlackElo "2330"]
[PlyCount "113"]
[EventDate "2008.??.??"]
[EventType "corr"]

1. Nf3 Nf6 2. c4 e6 3. g3 d5 4. Bg2 Be7 5. O-O O-O 6. d4 dxc4 7. Qc2 a6 8. Qxc4
b5 9. Qc2 Bb7 10. Bd2 Nbd7 11. Ba5 Rc8 12. Nbd2 Qe8 13. b4 Nb8 14. a3 Nc6 15.
Nb3 Bd6 16. Nfd2 Nxa5 17. Nxa5 Bxg2 18. Kxg2 e5 19. dxe5 Bxe5 20. Rad1 c6 21.
Ndb3 Bc7 22. Nb7 Qe7 23. N3c5 Ra8 24. Rd3 Rfe8 25. e4 Ra7 26. Rfd1 a5 27. e5
Qxe5 28. Re3 Qh5 29. Rxe8+ Nxe8 30. Nxa5 Bxa5 31. bxa5 Ra8 32. a6 Qe5 33. h4 h6
34. Rd7 Nf6 35. Rb7 Qd5+ 36. Kg1 Re8 37. Nd3 c5 38. Rxb5 Qa8 39. Ra5 Ne4 40. a7
Re7 41. Qe2 Re8 42. Nxc5 Nd6 43. Qf1 Nb7 44. Nxb7 Qxb7 45. Qg2 Qxg2+ 46. Kxg2
Ra8 47. Kf3 Kf8 48. Ke4 Ke7 49. Kd5 Kd7 50. Kc5 Kc7 51. Kb5 Kb7 52. Ra6 g6 53.
Rb6+ Kxa7 54. Ra6+ Kb7 55. Rxa8 Kxa8 56. Kb6 Kb8 57. a4 1-0